K vzniku a možnostiam prekonania transformačnej recesie

Príčiny transformačnej recesie v bývalých centrálne plánovaných ekonomikách. Vnútorné príčiny recesie. Reštrikčno-stabilizačná politika a jej vplyv na transformačnú recesiu. Od stabilizácie trhovej rovnováhy k stabilizácii celkového hospodárstva.

Uložené v:
Podrobná bibliografia
Hlavný autor: Okáli, Ivan
Médium: Kapitola
Jazyk:Slovak
Predmet:
Tagy: Pridať tag
Žiadne tagy, Buďte prvý, kto otaguje tento záznam!

MARC

LEADER 00000naa a2200000 4500
001 r020025
005 20221205090144.0
041 0 |a slo 
044 |a SK 
245 1 0 |a K vzniku a možnostiam prekonania transformačnej recesie  |c Ivan Okáli 
520 |a Príčiny transformačnej recesie v bývalých centrálne plánovaných ekonomikách. Vnútorné príčiny recesie. Reštrikčno-stabilizačná politika a jej vplyv na transformačnú recesiu. Od stabilizácie trhovej rovnováhy k stabilizácii celkového hospodárstva. 
610 2 0 |a recesia 
610 2 0 |a transformácia 
610 2 0 |a stabilizácia hospodárstva 
610 2 0 |a politika hospodárska 
610 2 0 |a regulácia hospodárska 
610 2 0 |a rovnováha trhová 
610 2 0 |a Česko 
610 2 0 |a Slovensko 
610 2 0 |a Poľsko 
610 2 0 |a Maďarsko 
100 1 |a Okáli, Ivan